000 01151cam a22003137a 4500
003 CHAP
005 20220329141007.0
008 971013s1996 r 00010 d
010 _a61032
011 _a62004
035 _a66176
040 _cCHAP
082 _a630.972
_bI5 Chis.
110 _aInstituto Nacional de Estadística, Geografía e Informática. México
_959304
245 1 3 _aLa agricultura en Chiapas
260 _aAguascalientes, Ags. :
_bINEGI,
_c1996
300 _a84 p.
_b; gráfs.
590 _aBATCH-UPD
_b10
_c20130110
_lUCH01
_h1144
590 _aBATCH-UPD
_b10
_c20130410
_lUCH01
_h0729
590 _aCONVERSION
_b10
_c20130109
_lUCH01
_h1333
650 1 4 _aAgricultura
_xChiapas.
_91355
650 1 4 _aAgricultura
_xEstadisticas
_zChiapas.
_91448
901 _aBK
942 _cLIBRO
949 _a630.972 I5 Chis.
_bBC
_cINEGI
_d33724000619557
_eINEGI
_h91197
_i66176
_sb
949 _a630.972 I5 Chis.
_bBC
_cINEGI
_d33724000619565
_eINEGI
_fc.2
_h91198
_i66176
_sb
949 _a630.972 I5 Chis.
_bBC
_cINEGI
_d33724000627006
_eINEGI
_fc.3
_h91667
_i66176
_sb
949 _a630.972 I5 Chis.
_bBC
_cLIBRO
_d33724000627436
_eLIBRO
_fc.4
_h91846
_i66176
_si
999 _c61032
_d61032